书目信息 |
| 题名: |
幼儿园教师手册
|
|
| 作者: | 张宝忠 编写 | |
| 分册: | ||
| 出版信息: | 上海 上海教育出版社 1987 |
|
| 页数: | 624页 | |
| 开本: | 20cm | |
| 丛书名: | ||
| 单 册: | ||
| 中图分类: | G613.3 , G61 | |
| 科图分类: | ||
| 主题词: | 常识课-教学法--幼儿师范学校--教材 , 教学法-常识课--幼儿师范学校--教材 | |
| 电子资源: | ||
| ISBN: | ||
| 000 | 00682nam0 2200241 45 | |
| 001 | 1553252299 | |
| 005 | 20150128144819.08 | |
| 010 | @dCNY4.00 | |
| 100 | @a19951123d1987 em y0chiy0121 ea | |
| 101 | 0 | @achi |
| 102 | @aCN@b310000 | |
| 105 | @acf z 000yy | |
| 200 | 10 | @a幼儿园教师手册@e常识@Ayou er yuan jiao shi shou ce@f张宝忠等编写 |
| 210 | @a上海@c上海教育出版社@d1987 | |
| 215 | @a624页@c彩照及图@d20cm | |
| 606 | @a常识课-教学法@x幼儿师范学校@x教材 | |
| 606 | @a教学法-常识课@x幼儿师范学校@x教材 | |
| 690 | @aG613.3@v3 | |
| 690 | @aG61@v4 | |
| 701 | 0 | @a张宝忠@4编写@Azhang bao zhong |
| 801 | 0 | @aCN@bTSSF@c20150128 |
| 801 | 2 | @aCN@bNLC |
| 905 | @aZUCC@dG61@eJY117 | |
| 幼儿园教师手册:常识/张宝忠等编写.-上海:上海教育出版社,1987 |
| 624页:彩照及图;20cm |
| ISBN :CNY4.00 |
| ● |
| 相关链接 |
|
|
|
|
正题名:幼儿园教师手册
索取号:G61/JY117
 
预约/预借
| 序号 | 登录号 | 条形码 | 馆藏地/架位号 | 状态 | 备注 |
| 1 | 7837408 | 278374082 | 学院路分馆/ [索取号:G61/JY117] | 在馆 | |
| 2 | 7837409 | 278374091 | 学院路分馆/ [索取号:G61/JY117] | 在馆 |